Castellano: tercer año de enseñanza media
Guardat en:
| Autors principals: | , |
|---|---|
| Altres autors: | |
| Format: | Llibre |
| Idioma: | espanyol |
| Publicat: |
Santiago
Zig-Zag
1977
|
| Edició: | 2a. ed |
| Matèries: | |
| Etiquetes: |
Afegir etiqueta
Sense etiquetes, Sigues el primer a etiquetar aquest registre!
|
MARC
| LEADER | 00000nam a2200000 a 4500 | ||
|---|---|---|---|
| 001 | UCY8869 | ||
| 003 | CL-VaPUC | ||
| 008 | 950707e19770000CL |||||||||||||||||spa|d | ||
| 082 | 0 | 4 | |a 460.202 |b MON |2 21 |
| 100 | |a Montes Brunet, Hugo |e autor |9 416030 | ||
| 700 | |a Orlandi Araya, Julio |e autor |9 340607 | ||
| 700 | 0 | |a Samaniego, José Luis |e author |9 340605 | |
| 245 | 1 | 0 | |a Castellano: tercer año de enseñanza media |
| 250 | |a 2a. ed | ||
| 300 | |a 432 p | ||
| 942 | |c BK | ||
| 945 | |d 19950707 00:00:00 |a mfernand | ||
| 260 | |a Santiago |b Zig-Zag |c 1977 | ||
| 650 | 0 | |a Español |9 255372 | |
| 650 | 0 | |a Libros de texto |9 270019 | |
| 650 | 0 | |a Literatura |9 259151 | |
| 650 | 0 | |a Educación lingüística |9 306506 | |
| 583 | |a last modification |c 19950707 00:00:00 |k Rodrigo Vera | ||
| 999 | |c 236050 |d 236048 | ||
| 952 | |0 0 |1 0 |4 0 |6 460_202000000000000_MON_1977 |7 0 |8 P |9 243867 |a BIBEDU |b BIBEDU |c BIBEDU_PB |d 2019-11-18 |i 1530186 |o 460.202 MON 1977 |p 1530186 |r 2024-01-25 |w 2019-11-18 |y BK |k EDU | ||